000 00449nam a2200145Ia 4500
008 220214s9999 xx 000 0 und d
022 _a0142-9358
245 0 _aRUBBER AND PLASTICS -FIRES AND FLAMMABILITY BULLETIN
260 _bElsevier Science Publishers, Amsterdam, The Netherlands
310 _aM
500 _aEnding Volume & Year: 7, 1986
500 _aMissing Volume: 1(1-5);3;5
500 _aStarting Volume & Year: 1, 1980
942 _cBJ
999 _c10521
_d10521